=LDR 00000nam 2200000 4500 =001 000499 =005 20250712030319 =035 ##$$a 0010-0725000361 =007 ta =008 250712################a##########0#ind## =020 ##$$a 978-602-437-996-4 =082 ##$$a 398.209 598 =100 #$$a Fauzia, Sarah =245 1#$$a Bermain di Subak /$c Sarah Fauzia =250 ##$$a pertama =260 ##$$a Jakarta :$b Badan pengembangan dan pembinaan bahasa,$c 2022 =300 ##$$a 28 hlm. : $b ilus. ; $c 29,7 × 21 cm =650 #4$$a cerita anak Indonesia =650 #4$$a kesusastraan anak =700 #$$a Widyasari Hanaya =084 ##$$a 398.209 598 FAU b =990 ##$$a TBM202400252